Comuni della Provincia di Benevento - Statistics

Statistiche generali
  • Questo quiz è stato fatto 142 volte
  • Il punteggio medio è 44 su 78
Statistiche sulle risposte
Comune % Corretto
Benevento
90%
Apice
82%
Ponte
82%
Amorosi
79%
Airola
78%
Pietrelcina
78%
San Giorgio del Sannio
78%
Telese Terme
75%
Apollosa
71%
San Marco dei Cavoti
71%
Pesco Sannita
69%
Morcone
68%
Torrecuso
68%
Vitulano
68%
Bonea
66%
Montesarchio
66%
San Giorgio La Molara
66%
Buonalbergo
63%
Campolattaro
63%
Faicchio
63%
Foglianise
63%
Solopaca
63%
Arpaia
62%
Casalduni
62%
Castelpoto
62%
Fragneto Monforte
62%
Arpaise
60%
Fragneto l'Abate
60%
Guardia Sanframondi
60%
Pago Veiano
60%
San Lupo
60%
Castelvenere
59%
Cautano
59%
Paupisi
59%
Sant'Agata de' Goti
59%
Cerreto Sannita
57%
Paduli
57%
Baselice
56%
Ceppaloni
56%
Molinara
56%
Pietraroja
56%
San Bartolomeo in Galdo
56%
San Leucio del Sannio
56%
San Lorenzello
56%
Bucciano
54%
Calvi
54%
Campoli del Monte Taburno
53%
Tocco Caudio
53%
Pontelandolfo
51%
Cusano Mutri
50%
Dugenta
50%
Puglianello
50%
San Nicola Manfredi
50%
San Salvatore Telesino
50%
Colle Sannita
49%
Ginestra degli Schiavoni
49%
Paolisi
49%
Sant'Angelo a Cupolo
49%
Reino
47%
San Lorenzo Maggiore
47%
San Nazzaro
47%
Castelfranco in Miscano
46%
Frasso Telesino
46%
Limatola
46%
Circello
44%
Melizzano
44%
Durazzano
41%
Forchia
41%
Pannarano
40%
Sassinoro
40%
Moiano
37%
Foiano di Val Fortore
35%
Santa Croce del Sannio
35%
Montefalcone di Val Fortore
32%
Castelpagano
29%
San Martino Sannita
29%
Castelvetere in Val Fortore
28%
Sant'Arcangelo Trimonte
26%
Nessun quiz corrispondente trovato
Distribuzione punteggi
Percentuale di utenti per punteggio
Percentile per numero di risposta
I tuoi punteggi nel tempo
Non hai fatto questo quiz